Statistics for 1800s American Humorist Spelling

Click here to take the quiz!

General Stats

  • This quiz has been taken 20 times
  • The average score is 18 of 20

Answer Stats

HintAnswer% Correct
KarfullCareful
100%
MinnittMinute
100%
SumboddySomebody
100%
AllwussAlways
94%
EnnyAny
94%
BizznessBusiness
94%
LadizLadies
94%
PollyticksPolitics
94%
CaushunCaution
89%
CheckuresCheckers
89%
KreashunCreation
89%
FustFirst
89%
PhullFull
89%
StarvashunStarvation
89%
JistJust
83%
NaborsNeighbors
83%
TewTo
83%
PashuntlyPatiently
78%
QuoshuntQuotient
78%
FrackshusFractious
44%

Score Distribution

Percentile by Number Answered

Percent of People with Each Score

Your Score History

You have not taken this quiz